000 01083nam a2200313 a 4500
001 000027557
003 DO-SdBNP
005 20180327133409.0
007 000027557
008 110401s1938 dr ac 000 0 spa d
040 _aBPMSU
_bspa
_cBPMSU
082 4 _a972.9304
_bA669h, 1938
100 1 _aArchambault, Pedro M. (María)
245 1 0 _aHistoria de la restauración /
_cPedro M. Archambault ; prólogo Rafael Vidal.
250 _a2a. ed.
260 _aSanto Domingo :
_bTaller,
_c1938
300 _a323 p. :
_bil., retrs. ;
_c21 cm.
490 1 _aBiblioteca taller
_v20
500 _aIncluye índice analítico
504 _aBibliografía : p. 313-323
534 _pIncluye portada de la edición publicada en:
_cParís: La Libraire Technique et Economique, 1938.
651 4 _aREPÚBLICA DOMINICANA
_xHISTORIA
_yRESTAURACIÓN 1863-65
700 1 2 _aVidal, Rafael,
_epról.
830 0 _aBiblioteca taller ;
910 _aValidado. Control de calidad MFF
942 _2ddc
_cBK
945 _aRemanejado para la BNPHU / VM
956 _aVMATEO
_b10
_c20150908
_lBPMSU
_h0069
999 _c7361
_d7361